[Event "SVK-ch U20 rapid"]
[Site "Senec"]
[Date "2023.05.07"]
[Round "7"]
[White "Badinka, Adam"]
[Black "Vadila, Ondrej"]
[Result "1-0"]
[WhiteElo "1862"]
[BlackElo "2048"]
[PlyCount "167"]
[EventDate "2023.05.07"]
[EventType "rapid"]
[EventRounds "7"]
[EventCountry "SVK"]
[SourceTitle "EXT 2024"]
[Source "ChessBase"]
[SourceDate "2023.10.10"]
[SourceVersion "1"]
[SourceVersionDate "2023.10.10"]
[SourceQuality "1"]

1. e4 c5 2. Nf3 g6 3. c3 d5 4. exd5 Qxd5 5. d4 Bg7 6. Be3 cxd4 7. cxd4 Nf6 8. Nc3 Qa5 9. Qd2 0-0 10. Be2 Rd8 11. 0-0 Nc6 12. Rfd1 Bf5 13. Nb5 Qxd2 14. Rxd2 Ne4 15. Rdd1 Nb4 16. Rdc1 a6 17. Nc3 Rac8 18. a3 Nxc3 19. Rxc3 Rxc3 20. bxc3 Nc2 21. Ra2 Nxe3 22. fxe3 b5 23. a4 Rc8 24. axb5 axb5 25. Ra3 e6 26. Bxb5 Bf8 27. Rb3 Bc2 28. Rb2 Rxc3 29. Ne5 Bh6 30. Ng4 Bg5 31. g3 Bf5 32. h4 Bxe3+ 33. Nxe3 Rxe3 34. Kf2 Ra3 35. Rd2 Be4 36. Be2 Kg7 37. Rb2 Kf6 38. Rd2 Ke7 39. Rb2 Kd6 40. Rb5 Ra2 41. Ke3 Bd5 42. Rb6+ Ke7 43. Rb4 h6 44. Rb8 Kf6 45. Rh8 Kg7 46. Rb8 Ra3+ 47. Kf2 Be4 48. Rb2 Bd3 49. Bf3 Bc4 50. Rd2 Kf6 51. d5 e5 52. d6 Rd3 53. Rxd3 Bxd3 54. Bd5 Bf5 55. Ke3 Be6 56. Bc6 Bb3 57. Bd7 Bd5 58. Bc8 Be6 59. Bb7 Bd7 60. Bd5 g5 61. hxg5+ hxg5 62. Ke4 Bf5+ 63. Ke3 Kg7 64. Bc6 Be6 65. d7 Bxd7 66. Bxd7 Kf8 67. g4 Ke7 68. Bf5 Kd6 69. Ke4 f6 70. Bc8 Kc7 71. Ba6 Kd6 72. Bc4 Kc5 73. Ba2 Kd6 74. Kf5 Kc5 75. Ke4 Kd6 76. Bb1 Ke7 77. Kf5 Kf7 78. Be4 Ke7 79. Bf3 Kf7 80. Bd5+ Ke7 81. Kg6 Kd6 82. Be4 Kc5 83. Kxf6 Kd4 84. Kf5 1-0

[Event "Modra op"]
[Site "Modra"]
[Date "2023.02.21"]
[Round "4"]
[White "Stevik, Patrik1111"]
[Black "Vadila, Ondrej"]
[Result "1-0"]
[WhiteElo "2297"]
[BlackElo "2171"]
[PlyCount "69"]
[EventDate "2023.02.20"]
[EventType "swiss"]
[EventRounds "7"]
[EventCountry "SVK"]
[SourceTitle "EXT 2024"]
[Source "ChessBase"]
[SourceDate "2023.10.10"]
[SourceVersion "1"]
[SourceVersionDate "2023.10.10"]
[SourceQuality "1"]

1. Nf3 c5 2. g3 g6 3. Bg2 Bg7 4. 0-0 Nf6 5. b3 0-0 6. Bb2 Nc6 7. c4 d6 8. d4 cxd4 9. Nxd4 Bd7 10. Nc3 Qa5 11. e3 Rac8 12. Qd2 Qh5 13. Nce2 Qc5 14. Rfd1 Rfd8 15. Rac1 a5 16. Nf4 Qb6 17. Bc3 Ra8 18. Nb5 e5 19. Qb2 Bg4 20. Rxd6 exf4 21. Bxf6 Bxf6 22. Qxf6 fxe3 23. Bd5 exf2+ 24. Kg2 Rf8 25. Rf1 Qe3 26. Rxf2 Bf5 27. Rxf5 gxf5 28. Qxf5 Ne5 29. Rf6 Rad8 30. Nd6 Rd7 31. Ne4 Qe2+ 32. Kh3 Rxd5 33. cxd5 Nd7 34. Rh6 Rd8 35. Qg5+ 1-0

[Event "SVK-chT2A 2223"]
[Site "Slovakia"]
[Date "2022.11.27"]
[Round "6.3"]
[White "Takacs, Laszlo"]
[Black "Vadila, Ondrej"]
[Result "1/2-1/2"]
[WhiteElo "2213"]
[BlackElo "2152"]
[PlyCount "95"]
[EventDate "2022.10.08"]
[EventType "team-tourn"]
[EventRounds "11"]
[EventCountry "SVK"]
[SourceTitle "EXT 2024"]
[Source "ChessBase"]
[SourceDate "2023.10.10"]
[SourceVersion "1"]
[SourceVersionDate "2023.10.10"]
[SourceQuality "1"]
[WhiteTeam "Dunajska Streda II"]
[BlackTeam "Bratislava Slovan IV"]
[WhiteTeamCountry "SVK"]
[BlackTeamCountry "SVK"]

1. e4 c5 2. Nf3 g6 3. d4 cxd4 4. Nxd4 Bg7 5. Nc3 Nc6 6. Be3 Nf6 7. Nxc6 bxc6 8. e5 Ng8 9. f4 Nh6 10. Bc4 d6 11. exd6 exd6 12. Bd4 0-0 13. Bxg7 Kxg7 14. Qd4+ Qf6 15. Qxf6+ Kxf6 16. Ne4+ Ke7 17. Ng5 d5 18. Bb3 f6 19. Nf3 a5 20. Ba4 Ra6 21. 0-0-0 Nf5 22. c4 Be6 23. Rhe1 Kf7 24. c5 h5 25. h3 h4 26. Bc2 Rb8 27. Bxf5 Bxf5 28. Nxh4 Be4 29. Re3 Rb5 30. Rc3 a4 31. Nf3 Raa5 32. Nd4 Rxc5 33. Kd2 Rxc3 34. Kxc3 c5 35. Nf3 Bxf3 36. gxf3 Ke6 37. f5+ gxf5 38. Re1+ Kd6 39. h4 Ra8 40. h5 Rb8 41. h6 d4+ 42. Kc2 Rh8 43. Rh1 c4 44. Rh4 Kd5 45. h7 Ke5 46. Kd2 Kd5 47. Ke2 Ke5 48. Kd2 1/2-1/2

[Event "Bratislava Slovakia op"]
[Site "Bratislava"]
[Date "2022.09.30"]
[Round "2"]
[White "Kraus, Tomas"]
[Black "Vadila, Ondrej"]
[Result "1-0"]
[WhiteElo "2479"]
[BlackElo "2178"]
[PlyCount "113"]
[EventDate "2022.09.30"]
[EventType "swiss (rapid)"]
[EventRounds "9"]
[EventCountry "SVK"]
[SourceTitle "CBM 210 Extra"]
[Source "ChessBase"]
[SourceDate "2022.11.30"]
[SourceVersion "1"]
[SourceVersionDate "2022.11.30"]
[SourceQuality "1"]

1. e4 c5 2. c3 Nf6 3. e5 Nd5 4. Nf3 d6 5. exd6 Qxd6 6. d4 Bg4 7. dxc5 Qxc5 8. Be2 Nc6 9. h3 Bf5 10. 0-0 e6 11. Qa4 Nb6 12. Qb3 Be7 13. Be3 Qa5 14. Nbd2 0-0 15. a4 Qd5 16. Qb5 Bd8 17. a5 a6 18. Qc5 Nd7 19. Qxd5 exd5 20. Nb3 Nde5 21. Nxe5 Nxe5 22. Nc5 Rb8 23. Rfd1 Be6 24. Nxe6 fxe6 25. Bc5 Rf5 26. f4 Rc8 27. Bd4 Nc6 28. Bg4 Nxd4 29. Rxd4 Rf6 30. Rxd5 exd5 31. Bxc8 b6 32. Re1 Kf7 33. f5 Rd6 34. Be6+ Kf6 35. Rd1 Ke5 36. Re1+ Kf6 37. axb6 Bxb6+ 38. Kf1 d4 39. Rd1 Ke5 40. Ke2 Ke4 41. Rd3 Ke5 42. c4 Bc5 43. Rb3 Rb6 44. Rxb6 Bxb6 45. b4 Bc7 46. c5 Ke4 47. Bc4 a5 48. b5 Ke5 49. b6 Bd8 50. Kd3 a4 51. g4 a3 52. Ba2 h6 53. Bb3 h5 54. gxh5 Kxf5 55. Kxd4 Kg5 56. Kc4 Kxh5 57. Kb5 1-0

[Event "SVK-ch U18"]
[Site "Stara Lubovna"]
[Date "2022.05.23"]
[Round "4"]
[White "Vadila, Ondrej"]
[Black "Nadzamova, Viktoria"]
[Result "1/2-1/2"]
[WhiteElo "2082"]
[BlackElo "2135"]
[PlyCount "41"]
[EventDate "2022.05.21"]
[EventType "swiss"]
[EventRounds "9"]
[EventCountry "SVK"]
[SourceTitle "CBM 208 Extra"]
[Source "ChessBase"]
[SourceDate "2022.07.31"]
[SourceVersion "1"]
[SourceVersionDate "2022.07.31"]
[SourceQuality "1"]

1. e4 c5 2. Nf3 e6 3. d4 cxd4 4. Nxd4 Nc6 5. Nc3 Qc7 6. Nb3 a6 7. a4 Nf6 8. g3 Bb4 9. Bg2 0-0 10. 0-0 Be7 11. Be3 b6 12. f4 Bb7 13. Qe2 d6 14. Rad1 Rad8 15. f5 exf5 16. exf5 Ne5 17. Bg5 Rfe8 18. Rfe1 Qc8 19. Bxf6 Bxf6 20. Bxb7 Qxb7 21. Nd5 1/2-1/2